=LDR 00000nam 2200000 4500 =001 INLIS000000000009968 =005 20130612101722 =008 ***********************************Ind** =035 ##$$0010-061300000009968 =041 ##$$a Ind =082 ##$$a 028.5 =090 ##$$a 028.5, Beg a =100 ##$$a Beggio, Valintina =245 ##$$a Apakah salmon itu perenang yang hebat ? / oleh Valintina Beggio ; alih bahasa, Esther S. Mandjani =260 ##$$a 1995 $b Jakarta =300 ##$$a 24 hlm, ilus, 19 cm =650 ##$$a Bacaan anak-anak =850 ##$$a NBPNMAT